[Event "Minsk op"]
[Site "Minsk"]
[Date "2023.11.07"]
[Round "5"]
[White "Kirylovich, Aliaksei"]
[Black "Khakhlou, Arseni"]
[Result "0-1"]
[WhiteElo "1800"]
[BlackElo "1336"]
[PlyCount "66"]
[EventDate "2023.11.03"]
[EventType "swiss"]
[EventRounds "9"]
[EventCountry "BLR"]
[SourceTitle "CB46_2023"]
[SourceDate "2023.11.15"]
[SourceVersion "1"]
[SourceVersionDate "2023.11.15"]
[SourceQuality "1"]

1. e4 c5 2. Nc3 Nc6 3. Bb5 a6 4. Bxc6 dxc6 5. Nf3 Nf6 6. e5 Nd5 7. 0-0 e6 8. d3 Be7 9. Ne4 b5 10. Nfg5 Qc7 11. Qf3 0-0 12. Qh5 h6 13. Nf3 f5 14. exf6 Nxf6 15. Qg6 Kh8 16. Nxf6 Bxf6 17. Re1 Bd7 18. Re4 e5 19. Nh4 Bxh4 20. Rxh4 Bf5 21. Qg3 Rf6 22. Rh5 Qf7 23. Qf3 Bg6 24. Rxh6+ gxh6 25. Qh3 Bh5 26. Be3 c4 27. d4 e4 28. d5 Qxd5 29. c3 c5 30. b3 Rd8 31. g3 Qd1+ 32. Rxd1 Rxd1+ 33. Kg2 Bf3# 0-1